000 00486nam a22001697a 4500
999 _c41254
_d41254
003 OSt
005 20210412111416.0
008 210412b ||||| |||| 00| 0 eng d
020 _a9788182719285
040 _coclc
082 _a297
_bBUC/Q
100 _98583
_aBuccaille, Maurice
245 _aQur'anum Adhunikasasthravum/
_cMaurice Buccaille
260 _aCalicut:
_bDialogue Centre Kerala,
300 _a29 Pages
942 _2ddc
_cBK
_h297
_iBUC/Q
_k297
_mBUC/Q